000 00798cam a2200229u 4500
001 46501
003 BD-RjUL
005 20211209054148.0
008 160802s1961 ii 000 0 eng
035 _a(BD-RjUL)46620
040 _aDLC
_cCarP
_dDLC
_dBD-RjUL
_beng
041 _aeng
082 _223
_bSAC 1973
_a343
100 0 _aSastry, L Subrahmany
_9141886
110 1 _aIndia (Republic)
_kLaws, statutes, etc. [from old catalog]
_9138504
245 1 0 _aCriminal manual (major acts) :
_bcontaining Criminal procedure code Indian penal code and the Evidence act /
_cL Subrahmany Sastry ; S N Bagga
260 _aAllahabad :
_bLaw Book Company,
_c1973
300 _a[various pages] ;
_c25 cm.
650 0 _aCriminal law
_zIndia.
_913618
700 1 _aBagga, S. N.,
_eed.
_913826
942 _2ddc
_cBK
999 _c46501
_d46501